000 00921nam a2200265 i 4500
001 7782
003 ES-MaACL
005 20250816085101.0
007 t|
008 910503s1989 sp ||||1| spa d
020 _a84-7254-247-5
080 _a73.033
100 1 _aDuby, Georges.
_945797
245 1 3 _aLa Escultura
_b: testimonio de la Edad Media desde el siglo V al XV /
_cGeorges Duby, Xavier Barral i Altet, Sophie Guillot de Suduiraut.
260 _aGenève :
_bSkira ;
_aBarcelona :
_bCarroggio,
_c1989.
300 _a318 p. :
_bil. ;
_c34 cm.
490 1 _aHistoria de un arte
650 7 _aEscultura románica
_2embne
_912453
650 1 7 _aEscultura gótica
_2embne
_912441
700 1 _aBarral i Altet, Xavier.
_925844
700 1 _aGuillot de Suduiraut, Sophie.
_960825
830 0 _aHistoria de un arte
_9177954
852 _aES-MaACL
_jC-10852
_bR.119155
_z. - tela
999 _c7782
_d7782